Methodology for Social Work Research (Record no. 19930)

MARC details
000 -LEADER
fixed length control field 00331nam a22001457a 4500
020 ## - INTERNATIONAL STANDARD BOOK NUMBER
ISBN 139788131513828
082 ## - DEWEY DECIMAL CLASSIFICATION NUMBER
Classification number 305.8 RUB
100 ## - MAIN ENTRY--AUTHOR NAME
Author name Rubin Allen
245 ## - TITLE STATEMENT
Title Methodology for Social Work Research
250 ## - EDITION STATEMENT
Edition statement 1st
260 ## - PUBLICATION, DISTRIBUTION, ETC. (IMPRINT)
Place of publication New Delhi
Name of publisher Cengage Learning
Year of publication 2010
300 ## - PHYSICAL DESCRIPTION
Number of Pages 522
650 ## - SUBJECT ADDED ENTRY--TOPICAL TERM
Topical Term Social Work
942 ## - ADDED ENTRY ELEMENTS (KOHA)
Koha item type Books
Holdings
Home library Current library Shelving location Date acquired Source of acquisition Cost, normal purchase price Full call number Accession Number Koha item type
Henry Martyn Institute Library Henry Martyn Institute Library General stacks 01/11/2016 USPD 995.00 305.8 RUB 25014 Books
                   Copyright © 2026 | Henry Martyn Institute | Hyderabad | TS-500052 | INDIA | Implemented by hmi.edu.in
Hit-Count:

Powered by Koha